| 000 | 00650nam a2200217 4500 | ||
|---|---|---|---|
| 003 | LK-CoMWRAF | ||
| 005 | 20231031140537.0 | ||
| 008 | 230920b2010 |||||||| |||| 00| 0 eng d | ||
| 020 | _a9789556250350 | ||
| 040 |
_aLK-CoMWRAF _dLK-CoMWRAF _eLK-CoMWRAF |
||
| 041 | _aeng | ||
| 082 |
_a340.59 _bBOA |
||
| 245 | _aThe Board of quazis' law reports-with a digest (2007-2008) | ||
| 260 |
_aColombo : _bMuslim Women’s Research and action forum, _c2010 |
||
| 300 | _a330p | ||
| 490 | _aVolume iv | ||
| 650 | _aEconomic condition - Sri Lanka | ||
| 650 | _aMuslim women's research and action forum | ||
| 700 |
_aBegam, Safana Gul _ecomp. |
||
| 942 | _cBK | ||
| 999 |
_c3580 _d3580 |
||